| Registos Bibliográficos associados ao registo de autoridade |
|
Etiqueta de registo: 00254nam 2200025 450 001 2278041 003 http://id.bnportugal.gov.pt/bib/catbnp/2278041 100 ## $a20260309d2025 k y0pory01030103ba 101 0# $apor$deng 102 ## $aPT 105 ## $aa m 000yy 106 ## $ar 200 1# $aComunicação política no Facebook$eanálise das estratégias dos candidatos do MPLA e UNITA nas eleições gerais de 2022$fAstrigildo Adail Pedro Sumbo$gorient. João Paulo de Jesus Faustino, Maria João Lopes Antunes 210 #9 $aPorto$c[s.n.],$d2025 215 ## $aXIV, 350 p.$cil.$d30 cm 328 #1 $aTese dout. Informação e Comunicação em Plataformas Digitais, Faculdade de Letras,
Universidade do Porto, Universidade de Aveiro, 2025 675 ## $a316.77(673)"2022"(043)$vBN$zpor$31992848 675 ## $a004.77(673)"2022"(043)$vBN$zpor$31992849 700 #1 $aSumbo,$bAstrigildo Adail Pedro$31989894 702 #1 $aFaustino,$bPaulo,$f1967-$4727$31009342 702 #1 $aAntunes,$bMaria João Lopes$4727$31750085 801 #0 $aPT$bBN$gRPC 966 ## $lBN$mFGMON$sS.C. 168762 V.$x1 971 ## $cisantos$d20260309 972 ## $e0$z0$d20260409$vasantos 973 ## $cigoulao$d20260320 975 ## $e0$d20260415$viquintas
|
|
|